[Event "Greifswald Ryck op 24th"]
[Site "Greifswald"]
[Date "2023.07.21"]
[Round "4"]
[White "Belov, Gleb"]
[Black "Wagner, Tino"]
[Result "0-1"]
[WhiteElo "855"]
[BlackElo "1398"]
[PlyCount "36"]
[EventDate "2023.07.19"]
[EventType "swiss"]
[EventRounds "7"]
[EventCountry "GER"]
[SourceTitle "CBM 215 Extra"]
[Source "ChessBase"]
[SourceDate "2023.09.30"]
[SourceVersion "1"]
[SourceVersionDate "2023.09.30"]
[SourceQuality "1"]

1. e4 e5 2. Nf3 Nc6 3. Bc4 Nf6 4. Nc3 Bc5 5. 0-0 d6 6. h3 Ne7 7. d4 exd4 8. Nxd4 0-0 9. Bg5 Ng6 10. Nf3 c6 11. Bxf6 Qxf6 12. a3 Nf4 13. b4 Qxc3 14. bxc5 Qxc4 15. Nd2 Qxc5 16. Re1 Qg5 17. Qf3 Nxh3+ 18. Qxh3 Bxh3 0-1

[Event "Greifswald Ryck op 24th"]
[Site "Greifswald"]
[Date "2023.07.19"]
[Round "1"]
[White "Vakeel, Eshwar"]
[Black "Belov, Gleb"]
[Result "1-0"]
[WhiteElo "1269"]
[BlackElo "855"]
[PlyCount "54"]
[EventDate "2023.07.19"]
[EventType "swiss"]
[EventRounds "7"]
[EventCountry "GER"]
[SourceTitle "CBM 215 Extra"]
[Source "ChessBase"]
[SourceDate "2023.09.30"]
[SourceVersion "1"]
[SourceVersionDate "2023.09.30"]
[SourceQuality "1"]

1. e4 e5 2. Nf3 Nc6 3. Bc4 Bc5 4. c3 d6 5. d3 Nf6 6. a4 0-0 7. b4 Bb6 8. a5 h6 9. axb6 cxb6 10. 0-0 Be6 11. Bxe6 fxe6 12. Be3 Ng4 13. Qd2 Nxe3 14. Qxe3 d5 15. exd5 exd5 16. Nxe5 Nxe5 17. Qxe5 Re8 18. Qd4 Rc8 19. Nd2 Rc7 20. Rfe1 Rf8 21. Re5 Rd7 22. Nf3 Rf6 23. Rae1 Rfd6 24. Re8+ Qxe8 25. Rxe8+ Kh7 26. Ne5 Rd8 27. Rxd8 Rxd8 1-0